| 000 | 01414nam a2200409Ia 4500 | ||
|---|---|---|---|
| 005 | 20211020094836.0 | ||
| 008 | 130821s2001 ck gr spa | ||
| 020 | _a9588077389 | ||
| 020 | _a9789588077055 (2a.Ed.) | ||
| 040 |
_aCo-BoUCM _bspa _cSaul Niño (Modificó) _d[Nuevo] |
||
| 041 | 0 | 0 | _aspa |
| 060 | _aW 50 | ||
| 245 | 0 | 0 |
_aBioética y justicia sanitaria _cJaime Escobar Triana ...[y otros.] |
| 250 | _aSegunda edición | ||
| 260 |
_aBogotá (Colombia) _bEdiciones El Bosque _c2001 |
||
| 300 | _a216 páginas | ||
| 490 | _aBíos y Ethos | ||
| 630 | 7 |
_aLey 100 de 1993 _xAspectos morales y éticos _zColombia _95021 |
|
| 650 | 0 | 4 |
_aBienestar social _910081 |
| 650 | 0 | 4 |
_aBioética _910102 |
| 650 | 0 | 4 |
_aCalidad de vida _910318 |
| 650 | 0 | 4 |
_aEducación en salud _913820 |
| 650 | 0 | 4 |
_aÉtica _9195 |
| 650 | 0 | 4 |
_aFilosofía y salud _915857 |
| 650 | 0 | 4 |
_aSalud pública _98073 |
| 650 | 0 | 4 |
_aSeguridad social _xAspectos morales y éticos _zColombia _924114 |
| 650 | 7 |
_aConsentimiento legal (Medicina) _911641 |
|
| 700 | 1 |
_aEscobar Triana, Jaime _988188 |
|
| 700 | 1 |
_aGarcía, Gustavo _988201 |
|
| 700 | 1 |
_aJacomé, Sofía _988202 |
|
| 700 | 1 |
_aM. Laga, Hernán _988203 |
|
| 700 | 1 |
_aMaldonado Castañeda, Carlos Eduardo _988190 |
|
| 700 | 1 |
_aMontt, Julio _988204 |
|
| 700 | 1 |
_aRodríguez Del Pozo, Pablo _988205 |
|
| 942 |
_cLIBRO _a2 _e2 _mB615J _2NLM _hW 50 _n0 |
||
| 999 |
_c32999 _d32999 |
||